00461nam a2200145Ia 4500008004100000020001800041041000800059082001700067100002500084245009100109260002400200300000800224365001600232700006700248230718s9999 xx 000 0 und d a9783540462422 aeng a658.8'4bPOT aPoutre H.L. (Editor) aAgent-Mediated Electronic CommercebDesigning Trading Agents And Mechanisms, LNAI 3937 c2006bSpringer Pub. a225 cRs.b995.00 aPoutre H.L. (Editor), Sadeh N.M. (Editor) & Janson S. (Editor)